000 00656nam a2200181Ia 4500
008 151202s9999||||xx |||||||||||||| ||und||
082 _bPNVM-66434
100 _aधर्मादिकारी दे. द.
245 _aभविष्य चंद्रिका.
260 _b"राजेश रमेश रघुवंशी,पुणे."
260 _c2004
300 _a272
600 _aधर्मादिकारी दे. द.
630 _aभविष्य चंद्रिका.
700 _aधर्मादिकारी दे. द.
730 _aभविष्य चंद्रिका.
942 _cBOOK
999 _c1332966
_d1332963